La Inquisición y la Cábala: Un capítulo de la diferencia entre ontología y exilio
Wedi'i Gadw mewn:
| Prif Awdur: | |
|---|---|
| Fformat: | Llyfr |
| Iaith: | Sbaeneg |
| Cyhoeddwyd: |
Santiago
LOM
2009
|
| Rhifyn: | 2a. ed |
| Pynciau: | |
| Tagiau: |
Ychwanegu Tag
Dim Tagiau, Byddwch y cyntaf i dagio'r cofnod hwn!
|
MARC
| LEADER | 00000cam a2200000 a 4500 | ||
|---|---|---|---|
| 001 | UCG1200 | ||
| 003 | CL-VaPUC | ||
| 008 | 100422e20090000CL |||||||||||||||||spa|d | ||
| 020 | |a 9789560000583 | ||
| 082 | 0 | 4 | |a 296.4 |b CLA |2 21 |
| 100 | 0 | |a Claro González, Andrés |e author |9 548971 | |
| 245 | 1 | 3 | |a La Inquisición y la Cábala: Un capítulo de la diferencia entre ontología y exilio |
| 250 | |a 2a. ed | ||
| 300 | |a 872 p | ||
| 942 | |c BK | ||
| 945 | |d 20100422 00:00:00 |a dcastane | ||
| 260 | |a Santiago |b LOM |c 2009 | ||
| 650 | 7 | |a CABALA |2 CL-VaPUC |9 265004 | |
| 650 | 0 | |a Judaísmo |9 269348 | |
| 650 | 0 | |a Ontología |9 256850 | |
| 650 | 7 | |a SANTO OFICIO |2 CL-VaPUC |9 459184 | |
| 650 | 0 | |a Inquisición (Iglesia Católica) |9 258578 | |
| 583 | |a last modification |c 20120717 01:13:16 |k Rodrigo Vera | ||
| 999 | |c 340609 |d 340607 | ||
| 952 | |0 0 |1 2 |4 0 |6 296_400000000000000_CLA_2009 |7 0 |8 A |9 435468 |a BIBTEO |b BIBTEO |d 2019-11-22 |i 4661796 |o 296.4 CLA 2009 |p 4661796 |r 2019-11-22 |w 2019-11-22 |y BK |k ICR | ||
| 952 | |0 0 |1 0 |4 0 |6 296_400000000000000_CLA_2009 |7 0 |8 A |9 435469 |a BIBING |b BIBING |d 2019-11-22 |i 4875079 |o 296.4 CLA 2009 |p 4875079 |r 2023-03-02 |w 2019-11-22 |y BK |k CUI | ||